Movie Lost and Found Bin Quiz Stats

Quiz Updated Mar 22, 2016

Challenge
Share
Tweet
Embed
Score 0/20 Timer 06:00
0 Plays Today
Item Film % Correct
Friendly looking volleyball washed up this morning. Doesn’t answer to Baden or VoightCast Away
91.6%
Plastic bag of standard US prison clothes, took me 10 washes to get them clean, smelt like someone had been crawling through the sewers in them!The Shawshank Redemption
70.1%
A blue pill, one of a set. No idea what happened to the red oneThe Matrix
66.5%
A teaspoon and bag of sugar - collect these and get a free empty medicine bottleMary Poppins
66.3%
An alarm clock, batteries NOT included, I removed them because it keeps playing I Got You Babe by Sonny & Cher every morning.Groundhog Day
57.7%
Bar of pink soap, may or may not have been made with stolen fat. May or may not existFight Club
55.4%
Skateboard, missing all 4 wheels. Still seems to work ok!Back to the Future Part II
54%
Large ornate door, definitely seen better days but seems to float if you wanted to take it out on the river. Definitely room for two onboardTitanic
48.3%
Woolly gloves, parcels, doorbells, copper kettles, satin sashes, sleigh-bells, someone really loved this stuff! Is that an apple strudel?!The Sound Of Music
37.6%
An unused sick bag, must have belonged to whoever didn't have the fishAirplane!
33.7%
Item Film % Correct
A journal, probably of great significance to the owner. Seems to be full of entirely vacuous nonsense about obsession with a couple of British guysBridget Jones's Diary
32.7%
Orange and pale blue canes, would match a similar colored top hat and tailsDumb and Dumber
30.6%
1961 Ferrari Spyder GT California, only 100 ever made. The other 99 are surely in better condition...Ferris Bueller's Day Off
29.8%
One second hand coffee mug, appears to have been put back together. Made by the Kobayashi Porcelain CompanyThe Usual Suspects
27.4%
A well traveled watch; bought in a little general store in Knoxville Tennessee. I hear the owner is very keen to get it back despite the smell of itPulp Fiction
26.8%
One typewriter, over half the keys worn out but the rest (including the I & T keys) seem like they’ve never been pressed...The Shining
24.7%
Two small figurines of a woman and a child found buried in Italian soil. Must have meant a lot to someoneGladiator
22.3%
A couple of antique shotguns, found in the Thames. They might not make you look mean but they are still guns and they still fire bulletsLock, Stock and Two Smoking Barrels
18.6%
One egg; seems in poor condition but somehow still in one piece; smells a bit funkyCool Runnings
6.8%
A large white honking bird must have been lost, maybe at sea. All I can find is its dog tagsTop Gun
6.6%

You're not logged in!

Compare scores with friends on all Sporcle quizzes.
Sign Up with Email
OR
Log In

You Might Also Like...

Show Comments

Extras

Top Quizzes Today


Score Distribution

Your Account Isn't Verified!

In order to create a playlist on Sporcle, you need to verify the email address you used during registration. Go to your Sporcle Settings to finish the process.